000 00683nam a2200253Ia 4500
003 OSt
005 20220918210158.0
006 a|||||r|||| 00| 0
007 ta
008 220917b |||||||| |||| 00| 0 eng d
024 _a119,494
037 _cTextual
040 _aARTS
_cARTS
_beng
041 _2eng
_aeng
082 _aV73,1y7N<-M, L9
100 _aFreidel Frank
_9115886
245 0 _aOur country's presidents Ed by Bonnie S Lawrence
250 _a8th
260 _aWashington
_bNational Geographic Society
_c1979
300 _a278p.
_ccm.
650 _aHISTORY
942 _hV73,1y7N<-M, L9
_cTEXL
_2CC
999 _c242758
_d242758